Hong Kong National Football Team Goalscorers - Statistics

General Stats
  • This quiz has been taken 3 times
  • The average score is 6 of 31
Answer Stats
Goals Name % Correct
10 艾華頓/Everton Camargo
100%
11 安永佳/Matt Orr
100%
37 陳肇麒
33%
26 歐偉倫
33%
11 李健和
33%
9 盧均宜
33%
9 林嘉緯
33%
8 蔣世豪
33%
5 李威廉
33%
6 卓卓/Gerard
33%
12 麥基/McKee
33%
7 陳肇鈞/Philip Chan
33%
7 辛祖/Sandro
33%
24 劉榮業
0%
18 尹志強
0%
16 鍾楚維
0%
14 何祥友
0%
14 巴貝利
0%
13 李國強
0%
12 余國傑
0%
12 郭家明
0%
10 劉志霖
0%
9 胡國雄
0%
7 陳發枝
0%
7 陳豪文
0%
7 鄭少偉
0%
6 陳耀麟
0%
6 黃鎮宇
0%
6 陳偉豪
0%
6 黃威
0%
10 艾力士/Alex Akande
0%
No matching quizzes found
Score Distribution
Percent of People with Each Score
Percentile by Number Answered
Your Score History
You have not taken this quiz